书目信息 |
| 题名: |
输电线路施工机械及设备
|
|
| 作者: | 李光辉 , 江全才 , 何海波 编著 | |
| 分册: | ||
| 出版信息: | 北京 中国电力出版社 2009.02 |
|
| 页数: | 239页 | |
| 开本: | 26cm | |
| 丛书名: | ||
| 单 册: | ||
| 中图分类: | TM726 | |
| 科图分类: | ||
| 主题词: | 输电线路--shu dian xian lu--工程施工--机械设备--高等学校--教材 | |
| 电子资源: | ||
| ISBN: | 978-7-5083-8425-2 | |
| 000 | 01156nam0 2200289 450 | |
| 001 | 012009446952 | |
| 005 | 20090917173816.14 | |
| 010 | @a978-7-5083-8425-2@dCNY24.80 | |
| 100 | @a20090917d2009 em y0chiy0120 ea | |
| 101 | 0 | @achi |
| 102 | @aCN@b110000 | |
| 105 | @aa a 000yy | |
| 106 | @ar | |
| 200 | 1 | @a输电线路施工机械及设备@Ashu dian xian lu shi gong ji xie ji she bei@f李光辉 ... [等] 编著@Fli guang hui...[deng]bian zhu |
| 210 | @a北京@c中国电力出版社@d2009.02 | |
| 215 | @a239页@c图@d26cm | |
| 300 | @a普通高等教育“十一五”规划教材 | |
| 304 | @a题名页题 : 李光辉, 江全才, 何海波, 张巍巍编著 | |
| 320 | @a有书目 (第239页) | |
| 330 | @a本书共分七章,主要内容包括输电线路基础施工机械及工器具、杆塔组立常用设备及配套用工器具、牵引机、张力机、牵引机和张力机液压系统基础知识、架线施工常用辅助机械及设备,电力线路带电作业和电缆施工用设备等。 | |
| 606 | 0 | @a输电线路@Ashu dian xian lu@x工程施工@x机械设备@x高等学校@j教材 |
| 690 | @aTM726@v4 | |
| 701 | 0 | @a李光辉@Ali guang hui@4编著 |
| 701 | 0 | @a江全才@Ajiang quan cai@4编著 |
| 701 | 0 | @a何海波@Ahe hai bo@4编著 |
| 801 | 0 | @aCN@bQSSK@c20090917 |
| 905 | @b754409-11@dTM726@eL162@f3 | |
| 输电线路施工机械及设备/李光辉 ... [等] 编著.-北京:中国电力出版社,2009.02 |
| 239页:图;26cm |
| 普通高等教育“十一五”规划教材 |
| ISBN 978-7-5083-8425-2:CNY24.80 |
| 本书共分七章,主要内容包括输电线路基础施工机械及工器具、杆塔组立常用设备及配套用工器具、牵引机、张力机、牵引机和张力机液压系统基础知识、架线施工常用辅助机械及设备,电力线路带电作业和电缆施工用设备等。 |
| ● |
| 相关链接 |
|
|
|
正题名:输电线路施工机械及设备
索取号:TM726/L162
 
预约/预借
| 序号 | 登录号 | 条形码 | 馆藏地/架位号 | 状态 | 备注 |
| 1 | 754409 | 207544095 | 期刊室512/301自科库 12排3列2层/ [索取号:TM726/L162] | 在馆 | |
| 2 | 754410 | 207544102 | 自科库301/301自科库 18排1列1层/ [索取号:TM726/L162] | 在馆 | |
| 3 | 754411 | 207544111 | 期刊室512/301自科库 12排3列2层/ [索取号:TM726/L162] | 在馆 |